Geheimnisvolles Ägypten /

محفوظ في:

المؤلف الرئيسي: Brunton, Paul, 1898-1981 (مؤلف)

التنسيق: كتاب

اللغة: German

منشور في: Bergisch Gladbach : Lübbe, 1989.

الطبعة: 4. Aufl.

سلاسل: Bastei Lübbe Taschenbuch ; 63040.

الموضوعات:

الوسوم: إضافة وسم

لا توجد وسوم, كن أول من يضع وسما على هذه التسجيلة!

رقم الطلب: DT55 .B823 1989

LEADER 00787nam a2200265Ia 4500
003 OSt
005 20260429110046.0
008 211223s1989 gr a 000 0 ger d
020 |a 3404630408 
040 |c ARCE Library 
050 4 |a DT55 .B823 1989 
100 1 |a Brunton, Paul,   |d 1898-1981,   |e author 
245 1 0 |a Geheimnisvolles Ägypten /   |c Paul Brunton. 
250 |a 4. Aufl. 
264 1 |a Bergisch Gladbach :   |b Lübbe,   |c 1989. 
300 |a 351 pages :   |b ill. ;   |c 18 cm. 
490 0 |a Bastei Lübbe Taschenbuch ;   |v 63040. 
500 |a Translation of A search in secret Egypt. 
650 0 |a Magic, Egyptian. 
650 0 |a Occultism   |z Egypt. 
651 0 |a Egypt   |x Description and travel. 
651 0 |a Egypt   |x Religion. 
901 |a reviewed 
942 |2 lcc  |c BK 
999 |c 41157  |d 41157